| 000 | 01522cam a2200325 a 4500 | ||
|---|---|---|---|
| 999 |
_c10190 _d10190 |
||
| 001 | 15430825 | ||
| 003 | GBCCL | ||
| 005 | 20241126110727.0 | ||
| 008 | 080827s2009 miu b 001 0 eng | ||
| 010 | _a 2008037973 | ||
| 020 | _a9780801031502 (pbk.) | ||
| 020 | _a0801031508 (pbk.) | ||
| 035 | _a(OCoLC)244560687 | ||
| 035 | _a(OCoLC)ocn244560687 | ||
| 040 |
_aDLC _cDLC _dYDXCP _dIOT _dLNT _dC#P _dDLC |
||
| 050 | 0 | 0 |
_aBL240.3 _b.S349 2009 |
| 082 | 0 | 0 |
_a201.65 _222 _bSCI |
| 245 | 0 | 2 |
_aA science and religion primer / _cedited by Heidi A. Campbell and Heather Looy. |
| 260 |
_aGrand Rapids, Mich. : _bBaker Academic, _cc2009. |
||
| 300 |
_a230 p. ; _c23 cm. |
||
| 500 | _aIncludes bibliographical references and index. | ||
| 505 | 0 | _aSection 1. Introductory essays on science and religion. History of the science/religion dialogue / Peter Harrison -- The role of philosophy in the science/religion dialogue / Nancey Murphy -- Theology's intersection with the science/religion dialogue / Celia Deane-Drummond -- Science and technology in light of religion / Holmes Rolston III -- Section 2. Entries. | |
| 650 | 0 |
_aReligion and science. _96213 |
|
| 700 | 1 |
_aCampbell, Heidi, _d1970- _917693 |
|
| 700 | 1 |
_aLooy, Heather, _d1961- _917694 |
|
| 856 | 4 | 1 |
_3Table of contents only _uhttp://www.loc.gov/catdir/toc/ecip0827/2008037973.html |
| 906 |
_a7 _bcbc _corignew _d1 _eecip _f20 _gy-gencatlg |
||
| 942 |
_2ddc _cBK |
||